Обогрев открытых площадок; Трубопроводы и экология; № 2

Bibliografiske detaljer
Parent link:Трубопроводы и экология: научно-практический журнал.— , 2002-2012
№ 2.— 2002.— С. 11-12
Andre forfattere: Шестопал А. О., Ляпин В. Н., Шестопал М. А., Горшкова М. Н.
Sprog:russisk
Udgivet: 2002
Serier:Практикум строительства
Fag:
Format: MixedMaterials Book Chapter
KOHA link:https://koha.lib.tpu.ru/cgi-bin/koha/opac-detail.pl?biblionumber=383297

MARC

LEADER 00000naa2a2200000 4500
001 383297
005 20231101063110.0
035 |a (RuTPU)RU\TPU\prd\8771 
090 |a 383297 
100 |a 20021128a2002 k y0rusy50 ca 
101 0 |a rus 
102 |a RU 
200 1 |a Обогрев открытых площадок  |f А. О. Шестопал, В. Н. Ляпин, М. А. Шестопал, М. Н. Горшкова 
225 1 |a Практикум строительства 
320 |a Библиогр.: 5 назв. 
461 1 |0 (RuTPU)RU\TPU\prd\4239  |t Трубопроводы и экология  |o научно-практический журнал  |d 2002-2012 
463 1 |0 (RuTPU)RU\TPU\prd\6043  |t № 2  |v С. 11-12  |d 2002 
610 1 |a строительство 
610 1 |a открытые площадки 
610 1 |a системы обогрева 
701 1 |a Шестопал  |b А. О. 
701 1 |a Ляпин  |b В. Н. 
701 1 |a Шестопал  |b М. А. 
701 1 |a Горшкова  |b М. Н. 
801 1 |a RU  |b 63413507  |c 20021128  |g PSBO 
801 2 |a RU  |b 63413507  |c 20140703  |g RCR 
942 |c BK